000
00310nam a22001457a 4500
008
210312b ||||| |||| 00| 0 eng d
020
_a
30081028440273
041
_a
eng
080
_a
32
082
_a
32
100
_a
19
101
_a
SHP
245
_a
Pluralism and Consensus
_c
Beem, CH
942
_2
udc
_c
BK
999
_c
56536
_d
56536